000 00427nam a2200181Ia 4500
001 1010
005 20260306140600.0
008 260306t2010||||xx |||||||||||||| ||spa||
041 _aESP
082 _a179.9
_bI77 2010
100 _aIsaacs, David
_eAUT
245 0 _aLa educación de las virtudes humanas y su evaluación
260 _c2010
300 _a
_c
650 _aGEN
654 _aCHU
942 _cLIB
_dJUS
_fJUS
_2ddc
_n
999 _c1010
_d1010